Indian economy: Black money and demonetization (Record no. 309854)

MARC details
000 -LEADER
fixed length control field 00527 a2200193 4500
005 - DATE & TIME
control field 20240329115858.0
008 - FIXED-LENGTH DATA ELEMENTS--GENERAL INFORMATION
fixed length control field 240326b |||||||| |||| 00| 0 eng d
020 ## - ISBN
International Standard Book Number 9789385330384
Price Rs. 1350.00
040 ## - CATALOGING SOURCE
Original cataloging agency VIVEKANANDA LIBRARY
082 ## - DDC NUMBER
Classification number 332.4954
Book Number S38I
100 ## - MAIN ENTRY--PERSONAL NAME
Personal name Srivastava, Arun
245 ## - TITLE STATEMENT
Title Indian economy: Black money and demonetization
260 ## - PUBLICATION, DISTRIBUTION, ETC. (IMPRINT)
Name of publisher, distributor, etc Astha Publishers and Distributors
Date of publication, distribution, etc 2018
Place of publication, distribution, etc New Delhi
300 ## - PHYSICAL DESCRIPTION
Pages 282
650 ## - Subject
Subject Indian Economy
650 ## - Subject
Subject Black Money
650 ## - Subject
Subject Demonetization
942 ## - ADDED ENTRY ELEMENTS (KOHA)
Koha item type Books
Holdings
Withdrawn status Lost status Source of classification or shelving scheme Damaged status Not for loan Location (home branch) Sublocation or collection (holding branch) Shelving location Date acquired Koha issues (times borrowed) Koha full call number Accession No. Koha date last seen Koha item type
    Dewey Decimal Classification     VIVEKANANDA LIBRARY VIVEKANANDA LIBRARY IMSAR Library 17/02/2024   332.4954 S38I 420363 17/02/2024 Books
© Designed and Maintained by Vivekananda Library, MDU Rohtak